000 01083nam a22002657a 4500
999 _c89860
_d89860
005 20230724160449.0
010 _a1516EN07 ENG-111156 ENG-135873 ENG-137460
020 _c795.00
_a9789351432890
035 _aEN-94688
035 _aB-602639-649
035 _aB-667580
035 _aEN-119405
035 _aEN-120992
037 _bKBD/Ven
_adpl
037 _bDBAD/
082 _a340
245 _aKarnataka Judicial Services (preliminary) examination:
_ba complete preparation manual/
260 _aGurgoan
_bLexisNexis
_c2014
270 _bGurgoan
_e122002
_a14th Floor, Building No. 10, Tower-B, DLF Cyber City, Phase-II
300 _avarious pagings
_c28cm(pbk)
490 _aCATAPULT test prep series.
942 _2ddc
_cEN
_mKAR
_h340